| 000 | 00812nam a2200217 a 4500 | ||
|---|---|---|---|
| 005 | 20230607063612.0 | ||
| 008 | 010711s1993 mx r 000 0 spa d | ||
| 020 | _a9706202447 | ||
| 035 | _aUPN01000109485 | ||
| 049 | _aCG | ||
| 050 | 4 |
_aHT334 M6 _bM4.8 |
|
| 245 | 0 | 0 |
_aMetrópoli, globalidad y modernización / _ccoord. Augusto Bolívar Espinoza. |
| 260 |
_aMéxico : _bUAM-Azcapotzalco, _c1993. |
||
| 300 | _a429 p. | ||
| 440 | 0 | _aLibros de El Cotidiano | |
| 500 | _a"Programa reencuentro de dos ciudades : México-Santiago de Chile, Grupo El Cotidiano, programa observatorio de la Ciudad de México" | ||
| 650 | 4 |
_aRehabilitación urbana _zCiudad de México _921105 |
|
| 650 | 4 |
_aREHABILITACION URBANA - _zSANTIAGO, CHILE _926242 |
|
| 700 | 1 |
_aBolívar Espinoza, Augusto, _ecoord. _941022 |
|
| 905 | _aLibro | ||
| 999 |
_c83396 _d83396 |
||